000 00630nam a2200217Ia 4500
003 OSt
005 20221007071049.0
006 a|||||r|||| 00| 0
007 ta
008 221006b |||||||| |||| 00| 0 eng d
024 _a27,451
037 _cReports / Technical Reports
040 _aFLL
_cFLL
_beng
041 _2eng
_aeng
082 _aZ65:8813y7, K1.2
245 0 _aSelected judgements of the west African court of appeal
260 _aLagos
_bWest African Court of Appeal
_c1939
300 _a183p
_ccm.
942 _hZ65:8813y7, K1.2
_cREP
_2CC
999 _c1142332
_d1142332